Mục tiêu : Quá trình liên tục cải tiến

Gespeichert in:
Bibliographische Detailangaben
1. Verfasser: Goldratt, Eliyahu M.
Format: Buch
Sprache:Undetermined
Veröffentlicht: Thành phố Hồ Chí Minh Trẻ 2005
Schlagworte:
Tags: Tag hinzufügen
Keine Tags, Fügen Sie den ersten Tag hinzu!
Thư viện lưu trữ: Trung tâm Học liệu Trường Đại học Cần Thơ
LEADER 00615nam a2200205Ia 4500
001 CTU_100834
008 210402s9999 xx 000 0 und d
020 |c 57000 
082 |a 158 
082 |b G621 
100 |a Goldratt, Eliyahu M. 
245 0 |a Mục tiêu : 
245 0 |b Quá trình liên tục cải tiến 
245 0 |c Eliyahu M. Goldratt, Jeff Cox ; dịch giả Phạm Vũ Lửa Hạ 
260 |a Thành phố Hồ Chí Minh 
260 |b Trẻ 
260 |c 2005 
650 |a Psychology, applied 
904 |i Vương 
980 |a Trung tâm Học liệu Trường Đại học Cần Thơ